000 00931nam a2200277 a 4500
008
020 _a0444861610 (hbk.)
049 0 0 _aMAIN
090 _aQB461
245 0 0 _aSelected studies, physics-astrophysics, mathematics, history of science :
_ba volume dedicated to the memory of Albert Einstein /
_ceditors, Themistocles M. Rassias, George M. Rassias.
260 _aAmsterdam :
_bNorth-Holland Pub. Co. ,
_cc1982.
300 _axii, 392 p. :
_bill. ;
_c23 cm.
504 _aIncludes bibliographical references.
600 1 0 _aEinstein, Albert.
650 0 _aAstrophysics.
650 0 _aMathematics.
650 0 _aScience
_xHistory.
700 1 _aEinstein, Albert.
700 1 _aRassias, Themistocles M.
700 1 _aRassias, George M.
907 _a.b10176640
_b18-01-06
_c23-09-05
003
005 20230123134116.0
040 _cNUST
942 _cBOOKS
_kQB461
999 _c160200
_d160200